• 首页
  • 本馆介绍
  • 公告通知
  • 最新文献
  • 馆藏检索
  • 电子资源
  • 读者导购
  • 参考咨询
  • 我的图书馆
  • 登录
  • 详细信息显示
  • 放入我的书架
  • 预约/预借图书
  • 作者相关作品
  • 分类相关作品
  • 丛书相关作品
  • 出版社相关作品

书目信息

  • 表格格式
  • 工作单格式
  • 卡片格式
题名:
执着的探索者——达尔文
    
 
作者: 金岩 编著
分册:  
出版信息: 北京   中华工商联合出版社  2017
页数: 243页
开本: 24cm
丛书名:
单 册:
中图分类: K835.616.15=43
科图分类:
主题词: 生物学家--传记--英国--近代
电子资源:
ISBN: 978-7-5158-1998-3
000 00874nam0 2200253 450
001 012001004948
005 20140928162350.0
010    @a978-7-5158-1998-3@dCNY38.00
100    @a20171018d2017 em y0chiy50 ea
101 0  @achi
102    @aCN@b110000
105    @ay z 000yb
106    @ar
200 1  @a执着的探索者——达尔文@9zhi zhuo de tan suo zhe——da er wen@f金岩编著
210    @a北京@c中华工商联合出版社@d2017
215    @a243页@d24cm
300    @a传世励志经典
330    @a本书详细描述了达尔文这位伟大的科学家的不同凡响的一生,反映了达尔文对自然、对科学的探索精神,高度评价了他在生物学界的杰出贡献。
600  0 @a达尔文@c(Darwin, Charles Robert@f1809-1882)@x传记
606 0  @a生物学家@x传记@y英国@z近代
690    @aK835.616.15=43@v5
701  0 @a金岩@9JIN YAN@4编著
801  0 @aCN@b上海新华@c20180901
905    @b1167368-72@dK835.616.15=43@e1017@f5
    
    执着的探索者——达尔文/金岩编著.-北京:中华工商联合出版社,2017
    243页;24cm
    传世励志经典
    
    ISBN 978-7-5158-1998-3:CNY38.00
    本书详细描述了达尔文这位伟大的科学家的不同凡响的一生,反映了达尔文对自然、对科学的探索精神,高度评价了他在生物学界的杰出贡献。
●
相关链接 在E读中查询图书 在五车中查询图书 在当当中查询图书 在豆瓣中查询图书


正题名:执着的探索者——达尔文     索取号:K835.616.15=43/1017         预约/预借

序号 登录号 条形码 馆藏地/架位号 状态 备注
1 1167368   211673688   第二样本阅览室/ [索取号:K835.616.15=43/1017] 在馆    
2 1167369   211673697   史法系资料室/ [索取号:K835.616.15=43/1017] 在馆    
3 1167370   211673704   第二借阅区/ [索取号:K835.616.15=43/1017] 在馆    
4 1167371   211673713   第二借阅区/ [索取号:K835.616.15=43/1017] 在馆    
5 1167372   211673722   第二借阅区/ [索取号:K835.616.15=43/1017] 在馆    
唐山师范学院图书馆 欢迎您!
大连网信软件有限公司© 版权所有